Statistics for Azerbaijan Country Quiz

Click here to take the quiz!

General Stats

  • This quiz has been taken 20,229 times
    (19,634 since last reset)
  • The average score is 13 of 18

Answer Stats

HintAnswer% Correct
Bordering countriesArmenia
97%
Bordering countriesRussia
97%
Bordering countriesGeorgia
96%
Country from which Azerbaijan gained its independence in 1991Soviet Union
94%
Bordering countriesTurkey
94%
Sea on which the capital is locatedCaspian Sea
92%
Capital cityBaku
91%
Bordering countriesIran
91%
Despite being an Asian country, Azerbaijan participates in this song contestEurovision
86%
Branch of Islam practiced by 89% of the populationShia
84%
Mountain range in the north of the countryCaucasus
80%
At the start of the 20th century, Azerbaijan was producing more than
50% of the world supply of ...
Oil
72%
E word that describes a disconnected part of a country surrounded by foreign territory,
such as Armenia's "Nakhchivan Autonomous Republic"
Exclave
56%
Sport that accounts for 22 of Azerbaijan's 42 Olympic medalsWrestling
53%
Region that suffered an ethnic war from 1988–1994, a conflict that is still unresolved{Nagorno}-Karabakh
47%
The national animal is a specific breed of ...Horse
43%
Chess player, born and schooled in Azerbaijan, who was the champion of the world
from 1985–2000
Garry Kasparov
42%
Azerbaijan has 400 of these "volcanoes", the most of any country
(note: they are not actual volcanoes)
{Mud} Volcanoes
27%

Score Distribution

Percentile by Number Answered

Percent of People with Each Score

Your Score History

You have not taken this quiz since the last reset